World Leaders' Eyes Quiz Stats

 Plays Quiz Updated Aug 17, 2018

Score 0/20 Timer 03:00
1 Play Today
% Correct
Abraham Lincoln
91.6%
Nelson Mandela
87.5%
Barack Obama
87.5%
Mao Zedong
84.2%
Winston Churchill
82.4%
Margaret Thatcher
80.1%
Mohandas Gandhi
79.7%
Malcolm X
79.3%
Theodore Roosevelt
76.1%
Ronald Reagan
75.7%
% Correct
Angela Merkel
75.3%
Queen Elizabeth II
74.6%
Harry S. Truman
73.8%
Martin Luther King Jr.
72.6%
Joseph Stalin
65.7%
Charles de Gaulle
64.9%
Fidel Castro
60.2%
Ernesto 'Che' Guevara
60%
Haile Selassie
55.1%
Aung San Suu Kyi
53.4%

You're not logged in!

Compare scores with friends on all Sporcle quizzes.
OR
Log In

Sporcle TV

Today on Sporcle TV


Watch our educational content, quiz creation guides, and fun videos on Sporcle TV.

Show Comments

Extras

Top Quizzes Today


Score Distribution

Your Account Isn't Verified!

In order to create a playlist on Sporcle, you need to verify the email address you used during registration. Go to your Sporcle Settings to finish the process.

Report this User

Report this user for behavior that violates our Community Guidelines.

Details: